| 000 | 00774nam a22002535a 4500 | ||
|---|---|---|---|
| 005 | 20201128021348.0 | ||
| 008 | 150628s2009 ii ak fr 001 0 eng d | ||
| 020 | _a9788189757151 | ||
| 020 | _a8189757156 | ||
| 040 |
_aEG-ScBUE _beng _cEG-ScBUE |
||
| 082 | 0 | 4 |
_a004.22 _bKES _222 |
| 100 | 1 |
_aKeshari, Vivek. _938239 |
|
| 245 | 1 | 0 |
_aComputer organization / _cVivek Keshari. |
| 250 | _a3rd ed. | ||
| 260 |
_aNew Delhi : _bS. K. Kataria & Sons, _c2009. |
||
| 300 |
_a422 p. : _bforms, tables ; _c25 cm. |
||
| 500 | _aIndex : p. 418-422. | ||
| 650 | 7 |
_aComputer organization. _2BUEsh _9959 |
|
| 650 | 7 |
_a Computer architecture. _2BUEsh _92654 |
|
| 651 | _2BUEsh | ||
| 653 |
_bCOMSCI _cJune2015 _cJuly2015 |
||
| 655 |
_vreading book _934232 |
||
| 942 |
_2ddc _k004.22 KES |
||
| 999 |
_c19958 _d19930 |
||